Personnages de Stranger Things - Trombinoscope - Statistiques

Statistiques générales
  • Ce quiz a été pris 1 666 fois
  • Le résultat moyen est 31 sur 36
Statistiques - réponses
Hint Extra Hint Réponse % Correct
Onze Cliquez sur le personnage
98%
Mike Wheeler Cliquez sur le personnage
97%
Lucas Sinclair Cliquez sur le personnage
96%
Jim Hopper Cliquez sur le personnage
96%
Max Mayfield Cliquez sur le personnage
96%
Dustin Henderson Cliquez sur le personnage
96%
Steve Harrington Cliquez sur le personnage
96%
Will Byers Cliquez sur le personnage
96%
Nancy Wheeler Cliquez sur le personnage
95%
Joyce Byers Cliquez sur le personnage
95%
Vecna Cliquez sur le personnage
94%
Jonathan Byers Cliquez sur le personnage
94%
Erica Sinclair Cliquez sur le personnage
93%
Le Démogorgon Cliquez sur le personnage
93%
Billy Hargrove Cliquez sur le personnage
92%
Robin Buckley Cliquez sur le personnage
92%
Dr. Martin Brenner / Papa Cliquez sur le personnage
92%
Eddie Munson Cliquez sur le personnage
91%
Murray Bauman Cliquez sur le personnage
90%
Holly Wheeler Cliquez sur le personnage
89%
Huit Cliquez sur le personnage
89%
Karen Wheeler Cliquez sur le personnage
89%
Dr. Sam Owens Cliquez sur le personnage
88%
Barbara Holland Cliquez sur le personnage
87%
Ted Wheeler Cliquez sur le personnage
86%
Bob Newby Cliquez sur le personnage
85%
Suzie Bingham Cliquez sur le personnage
84%
Mr. Clarke Cliquez sur le personnage
82%
Dr. Alexei Cliquez sur le personnage
81%
Claudia Henderson Cliquez sur le personnage
80%
Dr. Kay Cliquez sur le personnage
79%
Jason Carver Cliquez sur le personnage
73%
Argyle Cliquez sur le personnage
72%
Grigori Cliquez sur le personnage
68%
Larry Kline Cliquez sur le personnage
65%
Terry Ives Cliquez sur le personnage
52%
Aucun quiz correspondant
Distribution des résultats
% des personnes avec chaque résultat
Percentile par nombre de réponses
Votre historique - résultats
Vous n’avez pas pris ce quiz